Möglichkeiten für ausländische Vermögensanlagen in der ČSFR.
Tri etapy vývoja spoločných podnikov ČSFR so zahraničnými firmami, majorizácia zo strany ČSFR, zrušenie majorizácie, ochrana zahraničného kapitálu. V súčasnosti dochádza k novým podmienkam pre zahraničný kapitál: možnosti založenia spoločného podniku aj pre konkrétne súkromné osoby, nielen pre právn...
Saved in:
| Main Author: | |
|---|---|
| Other Authors: | |
| Format: | Book Chapter |
| Language: | German |
| Subjects: | |
| Tags: |
No Tags, Be the first to tag this record!
|
MARC
| LEADER | 00000naa a2200000 4500 | ||
|---|---|---|---|
| 001 | r002476 | ||
| 005 | 20240618122426.5 | ||
| 041 | 0 | |a ger | |
| 044 | |a DE | ||
| 245 | 1 | 0 | |a Möglichkeiten für ausländische Vermögensanlagen in der ČSFR. |c B. Starý, M. Vítková |
| 520 | |a Tri etapy vývoja spoločných podnikov ČSFR so zahraničnými firmami, majorizácia zo strany ČSFR, zrušenie majorizácie, ochrana zahraničného kapitálu. V súčasnosti dochádza k novým podmienkam pre zahraničný kapitál: možnosti založenia spoločného podniku aj pre konkrétne súkromné osoby, nielen pre právnické osoby, možnosti podnikov so 100 percentným zahraničným kapitálom. | ||
| 610 | 2 | 0 | |a podnik zmiešaný |
| 610 | 2 | 0 | |a kapitál zahraničný |
| 610 | 2 | 0 | |a ČSFR |
| 100 | 1 | |a Starý, B. | |
| 700 | 1 | |a Vítková, M. | |